ワイド3・3・SUNフリーきっぷで利用可能な交通機関 - Statistics

General Stats
  • This quiz has been taken 37 times
  • The average score is 9 of 27
Answer Stats
Answer % Correct
名古屋鉄道
100%
近畿日本鉄道
97%
名鉄バス
87%
南海電気鉄道
87%
近鉄バス
81%
南海バス
81%
豊橋鉄道
55%
南海フェリー
39%
岐阜バス
32%
名阪近鉄バス
26%
三岐鉄道
26%
知多バス
23%
南海りんかんバス
19%
名鉄海上観光船
16%
阪堺電気軌道
16%
三重交通バス
13%
伊勢湾フェリー
13%
奈良交通バス
10%
和歌山バス
10%
和歌山バス那賀
10%
南海ウイングバス南部
6%
名鉄東部観光バス
3%
エヌシーバス
3%
御在所ロープウェイ
3%
桃花台新交通
0%
志摩マリンレジャー
0%
南海ウイングバス金岡
0%
No matching quizzes found
Score Distribution
Percent of People with Each Score
Percentile by Number Answered
Your Score History
You have not taken this quiz